|
|
|
|
| LEADER |
00000naa2a2200000 4500 |
| 001 |
229379 |
| 005 |
20231031202351.0 |
| 035 |
|
|
|a (RuTPU)RU\TPU\book\249992
|
| 035 |
|
|
|a RU\TPU\book\249987
|
| 090 |
|
|
|a 229379
|
| 100 |
|
|
|a 20130111d1997 k y0rusy50 ca
|
| 101 |
0 |
|
|a rus
|
| 102 |
|
|
|a RU
|
| 200 |
1 |
|
|a Состояние и перспективы повышения квалификации и профессиональной переподготовки кадров
|f О. П. Муравлев, О. Ф. Шапкина
|
| 463 |
|
1 |
|0 (RuTPU)RU\TPU\book\4119
|t Формирование трудовой и предпринимательской ориентации в условиях переходной экономики
|o материалы Международной научно-методической конференции, посвященной 100-летию Томского политехнического университета
|f Томский политехнический университет
|v С. 117-118
|d 1997
|p 189 с.
|
| 610 |
1 |
|
|a труды учёных ТПУ
|
| 700 |
|
1 |
|a Муравлев
|b О. П.
|c специалист в области электротехники
|c профессор Томского политехнического университета, доктор технических наук
|f 1937-
|g Олег Павлович
|2 stltpush
|3 (RuTPU)RU\TPU\pers\19841
|
| 701 |
|
1 |
|a Шапкина
|b О. Ф.
|
| 801 |
|
1 |
|a RU
|b 63413507
|c 20130111
|
| 801 |
|
2 |
|a RU
|b 63413507
|c 20130111
|g RCR
|
| 942 |
|
|
|c BK
|